<?xml version="1.0" encoding="UTF-8"?>
<marc:record xmlns:marc="http://www.loc.gov/MARC21/slim">
   <marc:leader>00000nam a2200000 a 4500</marc:leader>
   <marc:datafield ind1="1" ind2=" " tag="100">
      <marc:subfield code="a">Bourguignon, François</marc:subfield>
      <marc:subfield code="4">aut</marc:subfield>
      <marc:subfield code="e">Verfasser/-in</marc:subfield>
   </marc:datafield>
   <marc:datafield ind1="1" ind2=" " tag="100">
      <marc:subfield code="a">Halfbrodt, Michael</marc:subfield>
      <marc:subfield code="4">trl</marc:subfield>
      <marc:subfield code="e">Übersetzer/-in</marc:subfield>
   </marc:datafield>
   <marc:datafield ind1="1" ind2=" " tag="100">
      <marc:subfield code="a">Bourguignon, François</marc:subfield>
   </marc:datafield>
   <marc:datafield ind1=" " ind2=" " tag="653">
      <marc:subfield code="a">Vermögensverteilung</marc:subfield>
   </marc:datafield>
   <marc:datafield ind1=" " ind2=" " tag="653">
      <marc:subfield code="a">Einkommensverteilung</marc:subfield>
   </marc:datafield>
   <marc:datafield ind1=" " ind2=" " tag="653">
      <marc:subfield code="a">Lebensstandard</marc:subfield>
   </marc:datafield>
   <marc:datafield ind1=" " ind2=" " tag="653">
      <marc:subfield code="a">Ungleichheit</marc:subfield>
   </marc:datafield>
   <marc:datafield ind1=" " ind2=" " tag="653">
      <marc:subfield code="a">Globalisierung</marc:subfield>
   </marc:datafield>
   <marc:datafield ind1=" " ind2=" " tag="653">
      <marc:subfield code="a">soziale Gerechtigkeit</marc:subfield>
   </marc:datafield>
   <marc:datafield ind1=" " ind2=" " tag="653">
      <marc:subfield code="a">Marktwirtschaft</marc:subfield>
   </marc:datafield>
   <marc:datafield ind1=" " ind2=" " tag="653">
      <marc:subfield code="a">Softcover / Soziologie/Arbeitssoziologie</marc:subfield>
   </marc:datafield>
   <marc:datafield ind1=" " ind2=" " tag="653">
      <marc:subfield code="a">Wirtschaftssoziologie</marc:subfield>
   </marc:datafield>
   <marc:datafield ind1=" " ind2=" " tag="653">
      <marc:subfield code="a">Industriesoziologie</marc:subfield>
   </marc:datafield>
   <marc:datafield ind1=" " ind2=" " tag="653">
      <marc:subfield code="a">Gerechtigkeite</marc:subfield>
   </marc:datafield>
   <marc:datafield ind1="0" ind2="0" tag="245">
      <marc:subfield code="a">Die Globalisierung der Ungleichheit</marc:subfield>
   </marc:datafield>
   <marc:datafield ind1="0" ind2="0" tag="245">
      <marc:subfield code="c">François Bourguignon. Aus dem Franz. von Michael Halfbrodt</marc:subfield>
   </marc:datafield>
   <marc:datafield ind1=" " ind2="1" tag="264">
      <marc:subfield code="a">Hamburg</marc:subfield>
      <marc:subfield code="b">Hamburger Ed.</marc:subfield>
      <marc:subfield code="c">2013</marc:subfield>
   </marc:datafield>
   <marc:datafield ind1=" " ind2=" " tag="250">
      <marc:subfield code="a">1. Aufl.</marc:subfield>
   </marc:datafield>
   <marc:datafield ind1="1" ind2=" " tag="520">
      <marc:subfield code="a">Angaben aus der Verlagsmeldung

Die Globalisierung der Ungleichheit / von Francois Bourguignon

Segen oder Teufelswerk? Ist die Globalisierung für den beispiellosen Anstieg von Ungleichheit in der Welt verantwortlich? Verweist sie alle Hoffnungen auf soziale Gerechtigkeit ins Reich der Utopie? Kaum eine Debatte wird so erhitzt geführt wie jene um die Globalisierung.
Das Verhältnis von Ungleichheit und Globalisierung muss in der doppelten Perspektive - national und international - betrachtet werden, um in seiner Komplexität begreifbar zu werden. So steht dem Anstieg nationaler Ungleichheit paradoxerweise eine Abnahme globaler Ungleichheit gegenüber. Bourguignon, ehemaliger Chefökonom der Weltbank, analysiert diese antagonistischen Effekte der Globalisierung. Mit Blick auf die Schwellenländer ist die Ungleichheit im Weltvergleich geringer geworden: Der Lebensstandard in Brasilien, China oder Indien nähert sich langsam demjenigen der Nordamerikaner und Europäer an. Binnenstaatlich betrachtet sind die Ungleichheiten jedoch in einer nicht geringen Anzahl der Länder eklatant geworden, was zu sozialen Spannungen führen musste. Ohne neue Marktregularien, einer steuerlich indizierten Umverteilung und Gehaltsobergrenzen wird die zunehmende Ungleichheit nicht einzudämmen sein.
Bourguignon beschreibt das Instrumentarium, das den nationalen wie internationalen Entscheidungsträgern zur Verfügung steht, um eine an Gerechtigkeitsmaßstäben ausgerichtete Verteilungspolitik zu verwirklichen. Wer heute zunehmende Globalisierung der Ungleichheit verhindern will, muss für eine Globalisierung der Umverteilung eintreten.
</marc:subfield>
   </marc:datafield>
   <marc:datafield ind1=" " ind2=" " tag="020">
      <marc:subfield code="a">9783868542639</marc:subfield>
      <marc:subfield code="9">9783868542639</marc:subfield>
   </marc:datafield>
   <marc:datafield ind1=" " ind2=" " tag="020">
      <marc:subfield code="a">3868542639</marc:subfield>
      <marc:subfield code="9">3868542639</marc:subfield>
   </marc:datafield>
   <marc:datafield ind1=" " ind2=" " tag="041">
      <marc:subfield code="a">ger</marc:subfield>
   </marc:datafield>
   <marc:datafield ind1=" " ind2=" " tag="300">
      <marc:subfield code="a">127 S.</marc:subfield>
   </marc:datafield>
</marc:record>
